000 00816nam a22002777a 4500
001 BR9300836
003 BR-BrBNA
005 20230928093833.0
007 ta
008 230509b bl.||||| |||| 00| 0 por d
040 _aBR-BrBNA
_bpor
_cBiblioteca Nacional de Agricultura
041 _a(Por)
072 _aF04; F30; E14
_b0336
090 _ 0336 BR9300836
100 1 _aParo, H.
110 1 _aEmpresa de Assistencia Tecnica e Extensao Rural do Estado de Mato Grosso, Cuiaba (Brasil)
_94017
245 1 _aRelatorio de conclusao das unidades de observacao de soja
260 3 _aCuiaba, MT (Brasil):
_c1982.
300 _a32 p.
650 _aSoja
650 _aAdubacao
650 _aComportamento de Variedade
650 _aDifusao de Tecnologia
909 _a202309
_bLucia
_c55
_dLucia Elande
942 _cBK
999 _c47408
_d47408